Normal view
MARC view
- MOST UNSUAL-FINE ARTS MOST UNSUAL-LITERATURE AND LANGUAGE MOST UNSUAL-DRAMA MOST UNSUAL-MOVIES MOST UNSUAL-MUSIC MOST UNSUAL-POP CULTURE MOST UNSUAL-JOURNALISM MOST UNSUAL-SPORTS MOST UNSUAL-GOVERNMENT MOST UNSUAL-THE LAW MOST UNSUAL-THE MILITARY MILITARY-MOST UNUSUAL MOST UNSUAL-RELIGION MOST UNSUAL-PHYSHOLOGY MOST UNSUAL-HEALTH AND DEATH MOST UNSUAL-NATURE AND SCIENCE MOST UNSUAL-PLANETS AND ANIMALS MOST UNSUAL-BUSINESS AND FINANCE MOST UNSUAL-FOOD MOST UNSUAL-LIFE STYLES MOST UNSUAL-FASHION AND GROOMIMG MOST UNSUAL-PLACES MOST UNSUAL-ARCHITECTURE MOST UNSUAL-THE UNEXPECTED
Entry Topical Term
001 - CONTROL NUMBER
- control field: 78411
003 - CONTROL NUMBER IDENTIFIER
- control field: NUST
005 - DATE AND TIME OF LATEST TRANSACTION
- control field: 20210628210201.0
008 - FIXED-LENGTH DATA ELEMENTS
- fixed length control field: 210628|| aca||aabn | a|a d
040 ## - CATALOGING SOURCE
- Original cataloging agency: NUST
- Transcribing agency: NUST
150 ## - HEADING--TOPICAL TERM
- Topical term or geographic name entry element: MOST UNSUAL-FINE ARTS MOST UNSUAL-LITERATURE AND LANGUAGE MOST UNSUAL-DRAMA MOST UNSUAL-MOVIES MOST UNSUAL-MUSIC MOST UNSUAL-POP CULTURE MOST UNSUAL-JOURNALISM MOST UNSUAL-SPORTS MOST UNSUAL-GOVERNMENT MOST UNSUAL-THE LAW MOST UNSUAL-THE MILITARY MILITARY-MOST UNUSUAL MOST UNSUAL-RELIGION MOST UNSUAL-PHYSHOLOGY MOST UNSUAL-HEALTH AND DEATH MOST UNSUAL-NATURE AND SCIENCE MOST UNSUAL-PLANETS AND ANIMALS MOST UNSUAL-BUSINESS AND FINANCE MOST UNSUAL-FOOD MOST UNSUAL-LIFE STYLES MOST UNSUAL-FASHION AND GROOMIMG MOST UNSUAL-PLACES MOST UNSUAL-ARCHITECTURE MOST UNSUAL-THE UNEXPECTED
670 ## - SOURCE DATA FOUND
- Source citation: Work cat.: (NUST): Fowler, Mark Felton, Bruce 78410, The best worst and most unusual noteworthy achievements events feats and blunders of every conceivable kind, 1976
